Sports Quiz

Random Sports or NFL Quiz

Any NFL Team Besides the 49ers Quiz Stats

 Plays Quiz Updated Nov 12, 2017

Challenge
Share
Tweet
Embed
Score 0/12 Timer 02:00
4 Plays Today
Hint Answer % Correct
Is located in CaliforniaLos Angeles Rams
96.6%
Is in NFC WestLos Angeles Rams
96.6%
Is located in CaliforniaLos Angeles Chargers
96%
Is in NFC WestSeattle Seahawks
95.6%
Word in Name starts with 'S'Seattle Seahawks
95.6%
Is located in CaliforniaOakland Raiders
95.5%
Has won 5 or more Super BowlsNew England Patriots
94.3%
Has won 5 or more Super BowlsPittsburgh Steelers
94.1%
Word in Name starts with 'S'Pittsburgh Steelers
93.7%
Has won 5 or more Super BowlsDallas Cowboys
88.5%
Is in NFC WestArizona Cardinals
86.8%
Word in Name starts with 'S'New Orleans Saints
79.5%

You're not logged in!

Compare scores with friends on all Sporcle quizzes.
Join for Free
OR
Log In

You Might Also Like...

Show Comments

Extras

Top Quizzes Today


Score Distribution

Your Account Isn't Verified!

In order to create a playlist on Sporcle, you need to verify the email address you used during registration. Go to your Sporcle Settings to finish the process.

Report this User

Report this user for behavior that violates our Community Guidelines.

Details: